[Event "Karadjordje Serbia"]
[Site "Topola"]
[Date "2004.05.11"]
[Round "8"]
[White "Pavlovic, Milos"]
[Black "Pavasovic, Dusko"]
[Result "1/2-1/2"]
[WhiteElo "2545"]
[BlackElo "2591"]
[Annotator "Huzman,A"]
[PlyCount "48"]
[EventDate "2004.05.04"]
[EventType "tourn"]
[EventRounds "11"]
[EventCountry "YUG"]
[EventCategory "13"]
[SourceTitle "CBM 101"]
[Source "ChessBase"]
[SourceDate "2004.07.27"]
[SourceVersion "1"]
[SourceVersionDate "2004.07.27"]
[SourceQuality "1"]

1. e4 e5 2. Nf3 Nf6 3. d4 Nxe4 4. Bd3 d5 5. Nxe5 Nd7 6. Nxd7 Bxd7 7. O-O Bd6 8.
Nc3 Nxc3 9. bxc3 Qh4 {Not a bad way to counter Shirov's Qh5 idea:Black strikes
first while preparing a long castle} 10. Re1+ (10. g3 Qg4 (10... Qf6 11. Qh5 (
11. Re1+ Be6 12. Rb1 (12. c4 O-O $2 (12... dxc4 13. Bxc4 O-O $11) 13. cxd5 $16
{1-0 Arman,D-Nasri,A/Baku 2000/EXT 2001 (36)}) 12... O-O-O 13. Qe2 c6 14. c4
dxc4 15. Bxc4 Rhe8 16. Be3 Rd7 17. Bxe6 Rxe6 18. c4 Ree7 19. Qd2 $14 {1/2-1/2
Kotter,R-Gawehns,K/Germany 1996/GER-chT2 (69)}) 11... h6 12. Re1+ Kf8 13. Qxd5
$16 {0-1 Jenni,F-Pihlajasalo,A/Guarapuava 1995/Juniors (62)}) (10... Qh3 11.
Re1+ (11. c4 dxc4 12. Re1+ Be6 13. Bxc4 O-O 14. Bxe6 fxe6 15. Rb1 b6 16. Qe2
Rae8 $11 {1/2-1/2 Azevedo,P-Malm,A/IECC 2001/Telechess CBM 89 (26)}) 11... Kf8
12. Qf3 h5 13. Rb1 h4 14. Bf1 Qf5 15. Qxf5 Bxf5 16. Rxb7 Bxc2 17. Bg2 $16 {
1/2-1/2 Saravanan,V-Barua,D/Mumbai 2000/CBM 76 ext (79)}) 11. Re1+ Kd8 12. Qxg4
(12. Be2 $5) 12... Bxg4 13. Rb1 b6 14. c4 dxc4 15. Bxc4 Re8 (15... f6 16. Bd5
Rb8 17. c4 Bf5 18. Rb3 Kd7 $11 {1/2-1/2 Kaps,D-Srebrnic,A/Bled 2003/CBM 95 ext
(27)}) 16. Bd2 (16. Be3 Re7 17. Bd3 h6 18. Kg2 Bd7 19. c4 c5 20. dxc5 Bxc5 21.
Bxc5 Rxe1 22. Rxe1 bxc5 $11 {1/2-1/2 Balogh,C-Srebrnic,A/Nova Gorica SLO 2004/
(51)}) 16... f6 17. Bd5 Rb8 18. Be4 g6 19. a4 Bd7 20. a5 Re7 $11 {1/2-1/2
Sutor,M-Splosnov,S/Krakow 1996/EXT 2001 (25)}) 10... Be6 (10... Kf8 11. g3 Qg4
12. Be2 Qf5 13. c4 dxc4 14. Bxc4 h5 15. h4 Re8 16. Rxe8+ Bxe8 17. Be3 b5 18.
Qd3 Qxd3 19. Bxd3 $14 {1/2-1/2 Magem Badals,J-Illescas Cordoba,M/Pamplona 1996/
CBM 52 (34)}) 11. g3 Qh3 12. Bf1 (12. c4 c6 13. cxd5 cxd5 14. c4 O-O 15. c5 Bc7
16. Bf1 Qf5 17. Bg2 Rfd8 18. a4 b6 19. cxb6 axb6 {1/2-1/2 Pyhala,A-Valkesalmi,
K/Espoo 1986/EXT 97 (19)}) (12. Qf3 O-O $11 {1-0 Fusco,L-Della Morte,G/Villa
Martelli 2003/CBM 97 ext (40)}) 12... Qf5 13. Rb1 (13. c4 dxc4 14. Bxc4 O-O 15.
Bxe6 fxe6 16. Qe2 Bb4 17. Bd2 Bxd2 {1/2-1/2 Hernandez,A-Pereyra Arcija,D/
Medellin 1996/Juniors (17)}) (13. Bd3) 13... O-O-O 14. Qe2 {[%cal Ge2b5]} c6
15. Rxb7 $5 {[%mdl 64] A nice touch which is enough for a draw. White doesn't
seem to have anything better than that} (15. a4 Rhe8 $15) 15... Kxb7 16. Qa6+
Kb8 17. Ba3 (17. Bf4 Qxc2 18. Qxc6 $1 (18. Bd3 Qb2 19. Bxd6+ Rxd6 20. Rb1 Qxb1+
21. Bxb1 Bh3 $17) 18... Bxf4 19. Qb5+ Kc7 20. Qc5+ $11 Kd7 $4 21. Bb5#) 17...
Qxc2 18. Bd3 $1 Bc8 19. Bxd6+ (19. Qxc6 Qxd3 20. Bxd6+ Rxd6 21. Qxd6+ Ka8 22.
Qc6+ Kb8 (22... Bb7 $4 23. Re8+ Rxe8 24. Qxe8+ Bc8 25. Qxc8#) 23. Qd6+ $11)
19... Rxd6 20. Qa3 $1 Qxd3 (20... Re6 21. Bxc2 Rxe1+ 22. Kg2 $11) 21. Qxd6+ Ka8
22. Qxc6+ Kb8 23. Qd6+ Ka8 24. Qc6+ Kb8 1/2-1/2

[Event "EU-ch 6th"]
[Site "Warsaw"]
[Date "2005.06.20"]
[Round "3"]
[White "Movsesian, Sergei"]
[Black "Iljin, Artem"]
[Result "1-0"]
[WhiteElo "2628"]
[BlackElo "2484"]
[Annotator "Huzman,A"]
[PlyCount "69"]
[EventDate "2005.06.18"]
[EventType "swiss"]
[EventRounds "13"]
[EventCountry "POL"]
[SourceTitle "CBM 108"]
[Source "ChessBase"]
[SourceDate "2005.09.26"]
[SourceVersion "1"]
[SourceVersionDate "2005.09.26"]
[SourceQuality "1"]

1. e4 e5 2. Nf3 Nf6 3. d4 Nxe4 4. Bd3 Nc6 5. Bxe4 d5 6. Bg5 f6 7. Nxe5 dxe4 (
7... Nxe5 8. dxe5 dxe4 9. Qxd8+ Kxd8 10. exf6 Ke8 11. Nc3 $16 {1-0 Pandur,
E-Sensabaugh,G/IECG 2002/Telechess CBM 95 (11)}) 8. Qh5+ (8. Nxc6 bxc6 9. Be3
Bd6 10. c4 O-O 11. c5 Be7 12. Nc3 f5 13. Qb3+ Kh8 14. g3 f4 $1 15. gxf4 Bg4 $36
{Yurtaev,L-Frolyanov,D/Moscow 90/(269) 2003/Inf 90/[Frolyanov,D; Skatchkov,P] 
(18)}) 8... g6 9. Nxg6 hxg6 10. Qxg6+ Kd7 11. Bxf6 (11. Qf5+ Ke8 12. Qg6+ Kd7
13. Qf5+ Kd6 (13... Ke8 $11) 14. Qf4+ $2 (14. Qg6 $1 $18) 14... Ke6 15. d5+ Kf7
$1 16. dxc6 Bd6 17. Qe3 Bg4 $1 18. cxb7 Rb8 19. Nd2 fxg5 $19 {0-1 Monsieux,
C-Skatchkov,P/Cappelle la Grande 90/269 2004/Inf 90/[Frolyanov,D; Skatchkov,P]
(24)}) 11... Rh6 $1 (11... Ne7 12. Qxe4 Rh6 13. Be5 Nc6 14. Nc3 $16 {1-0
Djurhuus,R-Fyllingen,R/Gausdal 1995/CBM 47 ext (38)}) (11... Rg8 12. Qf5+ Kd6
13. Qf4+ Kd7 14. Bxd8 {1-0 Klovans,J-Bick,J/Groningen 1996/EXT 98 (14)}) 12.
Qf5+ (12. Qf7+ Be7 13. Bg7 Rd6 14. Qf5+ (14. d5 Nb4 15. Qf5+ Ke8 16. Qh5+ $11)
14... Ke8 15. Qh5+ $11) 12... Ke8 13. Qxe4+ Be7 14. Be5 Nxe5 (14... Qd7 $5 15.
Nc3 (15. Nd2 Nxe5 16. dxe5 Qg4 $132) 15... Nxe5 16. dxe5 Qg4 17. Qxg4 Bxg4 18.
O-O Rd8 $11) 15. dxe5 Rh4 (15... Qd7 $5 16. Nc3 Qf5 $13) 16. f4 Qd7 17. g3 Rh6
18. Nc3 c6 (18... Qf5 19. O-O-O (19. Qe2 Qg4 20. Nd5 Qxe2+ 21. Kxe2 Bg4+ 22.
Ke3 Kf7 23. Ke4 Bh3 $13) 19... Qxe4 20. Nxe4 Bf5 21. Nf2 Bc5) 19. Rd1 Qh3 {
The unprotected position of the Ke1 gives Black good counterplay. His own king
is protected by White's pawns ...} 20. Rd2 Bf5 (20... Be6 21. Nd1 (21. Qe3 Rd8
22. Rxd8+ Bxd8 23. Qe4 Bb6 $17) 21... Bd5 22. Rxd5 cxd5 23. Qxd5 Rc8 $13) 21.
Qf3 Qh5 22. Qe3 (22. Qxh5+ Rxh5 23. Rg1 Bg4 24. Ne4 Kf7 25. h4 $14) 22... Qg6
$2 (22... Rd8 $1) 23. Kd1 b6 (23... Rd8 24. Kc1 Rxd2 25. Qxd2 Qxg3 (25... b5
$36) 26. hxg3 Rxh1+ 27. Nd1 Bg4 28. c3 Bc5 29. f5 Rxd1+ 30. Qxd1 Bxd1 31. Kxd1
Bf2 32. g4 Bg3 33. e6 Bf4 34. Ke2 Ke7 35. Kf3 Bc1 36. b3 Kf6 $11) 24. Kc1 Kf7
$2 (24... Bc5 25. Qe2 Qg4 $11) 25. Ne2 {White tries to move his pawns after
the trip of his own king to a safe place is finished.} Be4 $2 (25... Qe6 26.
Kb1 Bb4 27. Rdd1 Bc5 28. Qc3 Rah8 29. h4 $16) 26. Rf1 $1 Rxh2 $2 {[%mdl 8192]}
(26... Bf5 $142 27. Nd4 $16) 27. f5 $1 $18 Bxf5 28. Qe4 Kg7 29. Qxf5 Qxf5 30.
Rxf5 Rh1+ 31. Rd1 Rxd1+ 32. Kxd1 Rd8+ 33. Ke1 Rd5 34. Nf4 Ra5 35. a3 1-0

[Event "Moscow Aeroflot op-A"]
[Site "Moscow"]
[Date "2004.02.21"]
[Round "5"]
[White "Alekseev, Evgeny V"]
[Black "Olafsson, Helgi"]
[Result "1-0"]
[WhiteElo "2609"]
[BlackElo "2504"]
[Annotator "Huzman,A"]
[PlyCount "70"]
[EventDate "2004.02.17"]
[EventType "swiss"]
[EventRounds "9"]
[EventCountry "RUS"]
[SourceTitle "CBM 100"]
[Source "ChessBase"]
[SourceDate "2004.06.01"]
[SourceVersion "1"]
[SourceVersionDate "2004.06.01"]
[SourceQuality "1"]

1. e4 e5 2. Nf3 Nf6 3. d4 Nxe4 4. Bd3 d5 5. Nxe5 Nd7 6. Nxd7 Bxd7 7. O-O Bd6 8.
c4 c6 9. cxd5 cxd5 10. Nc3 Nxc3 11. bxc3 O-O 12. Qh5 f5 13. Bd2 $146 Qc7 14.
Bc2 Rae8 (14... g6 $5 15. Qf3 Bxh2+ 16. Kh1 Bd6 17. Bb3 (17. Bh6 Rf7 18. Bb3
Bc6 19. Bxd5 Bxd5 20. Qxd5 Rd8 21. Qb3 Qe7 $36 {[%csl Rh1]}) (17. Qxd5+ Kg7 18.
Qf3 Rae8 $11) 17... Bc6 18. Bxd5+ Bxd5 19. Qxd5+ Kg7 20. c4 Rad8 $132) 15. Rfe1
g6 16. Qf3 Re4 (16... Bxh2+ 17. Kh1 Bd6 18. Bh6 Rf7 19. Qxd5 $16) (16... Kg7 $5
) 17. g3 Bb5 18. Bf4 $5 {[%mdl 32]} Bxf4 19. gxf4 Bc4 (19... Rxe1+ 20. Rxe1 Bc4
21. Bb3 $14 {[%cal Ge1e5,Gf3e3]}) 20. Bxe4 fxe4 (20... dxe4 21. Qe3 $14) 21.
Qg3 Rxf4 (21... Qxf4 22. Qxf4 Rxf4 23. Re3 {[%cal Gf2f3]} g5 24. Kg2 g4 25. h3
h5 26. Kg3 $16) 22. f3 $5 {[%mdl 4]} Qf7 (22... exf3 23. Re8+ Kg7 24. Kf2 Be2 (
24... Qf7 25. Rae1 Be2 26. Rd8 Rf5 27. Qd6 $14) 25. Re5 Rf7 26. Rxd5 Qxc3 27.
Qe5+ Kh6 28. Qg5+ Kg7 29. Rg1 $36) 23. Rab1 b6 (23... exf3 24. Kf2 b6 25. Re5
$14) 24. Re3 Qf5 25. Rb2 {[%cal Gb2f2]} exf3 26. Kf2 Kf7 $2 (26... Qf8 $142 27.
Rxf3 Rxf3+ 28. Qxf3 Qa3 29. Rc2 $16) 27. Qxf4 $1 Qxf4 28. Rxf3 $18 Qxf3+ 29.
Kxf3 Kf6 30. Rf2 h6 31. Kg4+ Ke7 32. a3 Bb5 33. Kf4 Ke6 34. Rf3 Bc6 (34... Kf6
$142) 35. Rh3 h5 (35... h5 36. Kg5 Be8 37. Rf3 $18) 1-0

[Event "Biel GM"]
[Site "Biel"]
[Date "2003.07.22"]
[Round "2"]
[White "Bacrot, Etienne"]
[Black "Morozevich, Alexander"]
[Result "0-1"]
[WhiteElo "2645"]
[BlackElo "2679"]
[Annotator "Huzman,A"]
[PlyCount "86"]
[EventDate "2003.07.21"]
[EventType "tourn"]
[EventRounds "11"]
[EventCountry "SUI"]
[EventCategory "16"]
[SourceTitle "CBM 097"]
[Source "ChessBase"]
[SourceDate "2003.11.11"]
[SourceVersion "1"]
[SourceVersionDate "2003.11.11"]
[SourceQuality "1"]

1. e4 e5 2. Nf3 Nf6 3. d4 exd4 4. e5 Ne4 5. Qxd4 f5 6. Bc4 Bc5 7. Qxc5 (7. Qd5
Qe7 (7... Bxf2+ $5 8. Ke2 Qe7 9. Nbd2 c6 (9... Nxd2 10. Bxd2 Bc5 11. Bg5 Qf8
12. Be3 $44) 10. Qf7+ Qxf7 11. Bxf7+ Kxf7 12. Nxe4 fxe4 13. Ng5+ Kg6 14. Kxf2
Re8 15. Nxe4 Rxe5 16. Nd6) 8. O-O c6 9. Qd3 b5 10. Bb3 Na6 11. Nc3 Nb4 12. Qe2
Nxc3 13. bxc3 Nd5 14. Bg5 Qf7 15. c4 Nc3 16. Qd3 b4 17. a3 Qf8 18. axb4 Bxb4
19. c5 $1 $40 {1-0 Medina Garcia,A-Vilardebo Picurena,J/Barcelona 1946/MCD (22)
}) 7... Nxc5 8. Bg5 Qxg5 9. Nxg5 Nc6 10. O-O {It was better for White to
decide where to castle Ke1 later.} (10. f4 $5 Ne6 11. Nxe6 dxe6 12. Nc3 a6 13.
O-O-O b5 14. Be2 Bb7 15. Bf3 $14) 10... Ne6 11. Nf3 (11. Nxe6 dxe6 12. f4 Bd7
$11) 11... b6 12. Bd5 (12. Nc3 Bb7 13. Rad1 O-O-O 14. a3 h6 15. Nd5 g5 16. Rfe1
$14 {[%cal Gd5f6]}) 12... Bb7 13. c4 O-O-O 14. Nc3 h6 15. Rad1 g5 $132 {
Black have clear plan how to play against pawn e5.White pieces look be placed
well but they have no perspectives to evolution.} 16. Rfe1 Rhe8 17. Nb5 $6 (17.
a3 $5 Nf4 18. b4 g4 $140 19. Bxc6 Bxc6 20. Nh4 Rf8 21. b5 Bb7 22. Nd5 $36)
17... Kb8 18. b3 Nf4 19. Nc3 a6 20. Nd4 $2 (20. a3 $142 g4 21. Bxc6 Bxc6 22.
Nh4 d6 23. e6 Rxe6 24. Rxe6 Nxe6 25. Nxf5 h5 26. Nd5 $11) 20... Nxd4 21. Rxd4
c6 $17 {Now White lost pawn e5 without any compensation.} 22. Bf3 Kc7 $1 (22...
Ng6 23. e6 c5 24. Rdd1 Bxf3 25. gxf3 $132) 23. Kf1 Re6 $1 24. g3 Ng6 25. Bh5
Nxe5 26. f4 gxf4 27. gxf4 c5 $1 (27... Ng4 28. Rxe6 dxe6 29. Rxd8 Kxd8 30. Bxg4
fxg4 31. c5 $1 {[%csl Rb7]}) 28. Rd2 (28. Nd5+ Kb8 29. Rd2 Ng4 30. Bf7 (30.
Bxg4 fxg4 31. f5 Rf8 $17) 30... Rxe1+ 31. Kxe1 Rf8 $17) 28... Nf3 (28... Ng4 $5
29. Rxe6 dxe6 30. Rxd8 Kxd8 31. Bxg4 fxg4 32. Kf2 Bf3 $17) 29. Bxf3 Bxf3 30.
Rxe6 dxe6 31. Rxd8 Kxd8 32. Na4 Kc7 33. Kf2 Bc6 34. Nc3 Kd6 35. Ke3 e5 {
Pawn formation of White on the queen's side makes realisation of extra pawn
simple.} 36. Ne2 Bd7 37. a3 Be6 38. Ng3 a5 $1 39. a4 Bd7 {[%csl Ra4,Rb3,Rc4]
[%cal Yd7c6,Yc6e4,Ye4c2]} 40. Ne2 Bc6 41. Nc3 Ke6 $22 42. Ne2 Be4 43. Nc1 exf4+
0-1

[Event "ARM-ch"]
[Site "Yerevan"]
[Date "2005.05.02"]
[Round "4"]
[White "Minasian, Artashes"]
[Black "Petrosian, Tigran L"]
[Result "1-0"]
[WhiteElo "2597"]
[BlackElo "2599"]
[Annotator "Huzman,A"]
[PlyCount "95"]
[EventDate "2005.04.29"]
[EventType "tourn"]
[EventRounds "11"]
[EventCountry "ARM"]
[EventCategory "11"]
[SourceTitle "CBM 107"]
[Source "ChessBase"]
[SourceDate "2005.08.01"]
[SourceVersion "1"]
[SourceVersionDate "2005.08.01"]
[SourceQuality "1"]

1. e4 e5 2. Nf3 Nf6 3. d4 Nxe4 4. Bd3 d5 5. Nxe5 Nd7 6. O-O Nxe5 7. dxe5 Nc5 8.
Nc3 c6 9. f4 g6 (9... Nxd3 10. cxd3 (10. Qxd3 Bc5+ 11. Kh1 O-O 12. f5 Re8 13.
Bf4 g6 14. f6 Bf5 15. Qd2 Qb6 16. Na4 Qb4 17. Nxc5 Qxc5 18. Bg3 $14 {1/2-1/2
Friberg,R-Andersson,J/SVE-chB G-762 corr9193 1991/Corr Nr. 1 (40)}) 10... g6
11. d4 h5 12. Be3 (12. Ne2 Be7 13. Kh1 Bf5 14. h3 Qd7 $15 {1/2-1/2 Maciejewski,
A-Weglarz,L/Warsaw 1989/EXT 97 (15)}) 12... Bg4 13. Qd2 Be7 14. h3 Bf5 15. Kh2
Qd7 16. Rac1 O-O-O $15 {0-1 Khouri,I-Pourkashiyan,A/Dubai 2002/EXT 2005 (33)})
(9... f5 10. Ne2 (10. exf6 Qxf6 11. Re1+ (11. f5 Nxd3 12. Qxd3 Be7 13. Ne2 O-O
14. Ng3 Qf7 15. Be3 b6 16. Bd4 Bd7 17. Rf4 c5 18. Be5 Bg5 19. Rff1 Rae8 $17 {
0-1 Rozentalis,E-Turov,M/Quebec 2001/EXT 2002 (25)}) 11... Kf7 12. Be3 Nxd3 13.
Qxd3 Bf5 14. Qd2 Bb4 15. Bd4 Qg6 16. Re3 Rhg8 $11 {0-1 Ketola,K-Tammela,K/
Finland 1992/EXT 2000 (44)}) 10... Be7 11. Be3 O-O 12. c3 Nxd3 13. Qxd3 c5 14.
Rad1 Be6 15. Rd2 Qd7 16. Bf2 a5 17. Rfd1 a4 $11 {1-0 Olsson,A-Andersson,M/
Sweden 2002/EXT 2004 (40)}) 10. Ne2 (10. b3 Nxd3 11. cxd3 Bb4 12. Ne2 O-O 13.
h3 Bc5+ 14. d4 Be7 15. Ng3 f5 16. Qc2 Be6 $11 {0-1 Cordovil,J-Morgado,J/corr
ICCF 1994/80 telechess (23)}) 10... Nxd3 (10... Bg7 11. Be3 Qe7 12. b4 Nxd3 13.
cxd3 Qxb4 14. Qc2 Bf8 15. Rab1 Qa5 16. f5 gxf5 17. Ng3 $44 {1-0 Minasian,
A-Dutreeuw,M/Batumi 1999/CBM 74 (37)}) 11. cxd3 Qb6+ (11... Bc5+ 12. d4 Bb6 (
12... Be7 $5) 13. Be3 h5 14. Qd2 Bf5 (14... h4 $5) 15. Ng3 Kd7 $2 (15... Qd7
16. Nxf5 Qxf5 17. a4 O-O 18. b4 a6 $14) 16. Nxf5 gxf5 17. b4 Ke6 18. a4 $16 {
1-0 Oral,T-Haba,P/Luhacovice 2003/CBM 94/[Huzman] (63)}) 12. d4 (12. Kh1 Bg4
13. h3 h5 14. Qe1 Bc5 15. Bd2 Bf5 16. b4 Be7 17. Rf3 Bg4 18. Rf1 Bf5 19. Rf3
Bg4 20. Rf1 {1/2-1/2 Miljanic,B-Ivanovic,B/Niksic 2000/EXT 2001 (20)}) 12...
Bg4 (12... Be7 $142 13. h3 h5 $11) 13. Rf2 h5 (13... Be7 14. h3 Bxe2 15. Rxe2
O-O 16. f5 $36) 14. h3 Be6 15. Rf3 $1 h4 (15... O-O-O 16. b4 Bf5 17. Rb3 f6 $5
$132) 16. Rb3 Qa6 (16... Qc7 $5 17. Be3 Be7 18. Rc1 O-O-O 19. a3 f6 $132) 17.
Be3 Be7 18. Rc1 Rc8 $2 {Ke8 nave to be evacuated to the king's side now where
it will be in danger.} (18... Bf5 19. Bf2 O-O-O $11) 19. Kh2 $1 Kf8 20. Ng1 Kg7
21. Nf3 {[%csl Rh4]} Rc7 (21... Bf5 22. Bf2 Be4 23. Qe1 Rc7 (23... Bxf3 24.
Rxf3 $36 {[%cal Gf4f5]}) 24. Bxh4 $16) (21... Rh5 $5 22. Bf2 Bf5 23. Qe1 Rch8
$14) 22. Bf2 Qa4 23. Qe1 $1 {[%csl Rh4]} b6 24. Bxh4 Bxh4 (24... Rxh4 25. Nxh4
Qxd4 26. Qg3 $18) 25. Nxh4 c5 $2 (25... Qxd4 26. Rb4 Qd3 27. Rc3 Qa6 28. f5 $1
gxf5 29. Qg3+ Kf8 30. Qg5 Ke8 31. Qg7 Rh5 (31... Rf8 32. Ng6 $18) 32. Ng6 $1 c5
33. Qg8+ Kd7 34. Nf8+ Kc6 35. Nxe6 fxe6 36. Qxe6+ Kb7 37. Qxd5+ $18) (25...
Qxa2 $142 26. Rb4 Qa6 27. f5 gxf5 28. Qg3+ Kf8 29. Qg5 Ke8 30. Nxf5 Bxf5 31.
Qxf5 $16) 26. Qf2 $18 {[%cal Gf4f5]} Rxh4 27. Qxh4 Qxd4 28. Rf1 Bf5 29. Qf6+
Kh7 30. h4 $1 Qa4 31. h5 Qc6 32. Qh4 (32. hxg6+ fxg6 33. Qf8 Qe6 34. Rh1 Bg4
35. Kg1+ Bh5 36. Rg3 Qf7 37. Qd8 Rd7 38. Qg5 $18 {[%cal Gf4f5]}) 32... gxh5 33.
Qxh5+ (33. Rg3 Qh6 34. Qd8 Rc8 35. Qxd5 $18) 33... Qh6 34. Qxh6+ Kxh6 35. Rg3
Rc6 36. Rg5 Bc2 37. g4 d4 38. Kg3 Bg6 (38... Be4 39. Rf2 Kh7 40. f5 Rh6 41. e6
f6 42. Rh5 $18) 39. Rh1+ Kg7 40. f5 d3 41. fxg6 fxg6 42. e6 Rxe6 43. Rd5 c4 44.
Rd7+ Kg8 45. b3 b5 46. bxc4 bxc4 47. Rc1 Re3+ 48. Kf4 1-0